Básnické "patvorenie, potvorenie a pitvorenie" - Jána Ondruša

Bibliographic Details
Main Author: Kubica, Marián, 1955-2012 (Author)
Format: Article
Language:Slovak
ISSN:1336-2526
Subjects:
Online Access:http://www.casopis-tvorba.sk/

MARC

LEADER 00000nab a2200000 a 4500
001 vtls010127685
003 SK-MaSNL
005 20260303091638.0
008 140617c2010 xo ||||||||||||00 b|slo
015 |a SNBRB2010/08  |2 snkbucl 
038 |a SNKBUCL 
040 |a SNKBUCL  |b slo  |c SNKBUCL  |e AACR2 
041 0 |a slo 
044 |a xo  |c SK 
080 |a 82:929:821.162.4  |2 2001 
080 |a 821.162.4:929  |2 2001 
080 |a 82-051  |2 2001 
100 1 |a Kubica, Marián,  |d 1955-2012  |4 aut  |9 13652 
245 1 0 |a Básnické "patvorenie, potvorenie a pitvorenie" - Jána Ondruša  |c Marián Kubica 
600 1 7 |a Ondruš, Ján,  |d 1932-2000  |2 snkbucl  |9 246127 
655 7 |a úvahy  |2 snkbucl  |9 29403 
773 0 |t Tvorba  |g Roč. XX. (XXIX.), č. 2 (2010), s. 30  |x 1336-2526 
852 |a SNK  |b KIS3GCP 
856 4 1 |u http://www.casopis-tvorba.sk/ 
958 |a LX 
958 |a SK 
999 |c 1808649  |d 1810579